000
00316 a2200109 4500
001
ART_12927
005
20260410161909.0
008
260409a
245
1
0
_a
Principios generales de costos
100
1
_a
Safarano, José M.
773
0
_t
Costos y gestión
_g
- Año 15, Nº 58 (dic. 2005)
_w
REV12786
999
_c
26678
_d
26678